| 000 | 00487nam a2200217Ia 4500 | ||
|---|---|---|---|
| 005 | 20250425162625.0 | ||
| 008 | 250425s9999 xx 000 0 und d | ||
| 020 | _a9978042466 | ||
| 041 | _aspa | ||
| 082 | _a868 | ||
| 100 | _aGARCES PAZ, HUGO | ||
| 245 | 0 | _aLEYENDAS Y TRADICIONES DEL ECUADOR | |
| 250 | _a2A ED. | ||
| 260 |
_aEcuador _bABYA -YALA _c2000 |
||
| 260 | _aQUITO | ||
| 300 | _a133 | ||
| 650 | _aECUADOR | ||
| 650 | _aLEYENDAS | ||
| 942 | _c01 | ||
| 010 | _a90761 | ||
| 999 |
_c233054 _d233054 |
||